00681 2200253 4500001002100000005001700021008004100038020002200079035002500101040001200126082001300138084002300151090002300174100001800197245004900215250001100264260003100275300003200306500002700338650001900365700000900384850001200393990002200405INLIS00000000000350820150424084746.0  a978-602-255-371-7 a0010-041500000000574 aYOPDYOG a297.3822 aDEP 297.3822 Iqr T aDEP 297.3822 Iqr T aIQRO' FIRDAUS aTahajud-mindedc/ Iqro Firdaus ; editor, R.N aCet. 1 aYogyakartabde Teensc2013 a159 hlm.b: ilus. ;c24 cm. aBibliografi : hlm. 159 aShalat tahajud aR.N. aYOPDYOG aCB-D.11-2013-1956